<?xml version="1.0" encoding="UTF-8"?>
<record
    xmlns:xsi="http://www.w3.org/2001/XMLSchema-instance"
    xsi:schemaLocation="http://www.loc.gov/MARC21/slim http://www.loc.gov/standards/marcxml/schema/MARC21slim.xsd"
    xmlns="http://www.loc.gov/MARC21/slim">

  <leader>00555nam a2200109Ia 4500</leader>
  <controlfield tag="008">200902s9999    xx            000 0 und d</controlfield>
  <datafield tag="020" ind1=" " ind2=" ">
    <subfield code="a">978-1-98462-351-5</subfield>
  </datafield>
  <datafield tag="245" ind1=" " ind2=" ">
    <subfield code="c">Aleksandar Mratinkovic , Dan Piestun , Felecia Killings , Sandra El Hajj , Hazem Shawky Fouda , Fozia Parveen , Igor Krunic , Jovan Pehcevski , Tanjina Nur , Stephen , MIchelle.--</subfield>
    <subfield code="a">3GE collection on computer science :</subfield>
    <subfield code="b">Deep learning technologies /</subfield>
  </datafield>
  <datafield tag="260" ind1=" " ind2=" ">
    <subfield code="a">New York :</subfield>
    <subfield code="b">3G E-Learning</subfield>
    <subfield code="c">2019</subfield>
  </datafield>
  <datafield tag="300" ind1=" " ind2=" ">
    <subfield code="a">viii , 281 pages :</subfield>
    <subfield code="b">color illustrations ;</subfield>
    <subfield code="c">26 cm.</subfield>
  </datafield>
  <datafield tag="650" ind1=" " ind2=" ">
    <subfield code="a">Machine learning</subfield>
  </datafield>
  <datafield tag="999" ind1=" " ind2=" ">
    <subfield code="c">364031</subfield>
    <subfield code="d">364031</subfield>
  </datafield>
  <datafield tag="952" ind1=" " ind2=" ">
    <subfield code="0">0</subfield>
    <subfield code="1">0</subfield>
    <subfield code="4">0</subfield>
    <subfield code="a">CL</subfield>
    <subfield code="b">CL</subfield>
    <subfield code="c">RES</subfield>
    <subfield code="d">2020-09-02</subfield>
    <subfield code="e">Library fund</subfield>
    <subfield code="l">0</subfield>
    <subfield code="o">Q 325.5 .D311 2019</subfield>
    <subfield code="p">C22234</subfield>
    <subfield code="r">2020-09-02 00:00:00</subfield>
    <subfield code="w">2020-09-02</subfield>
    <subfield code="y">BK</subfield>
  </datafield>
</record>
